Письмо Мешковской К. неустановленному лицу с обращением "Ольга Михайловна"

Доступно только в Электронных читальных залах Найти на картеНа карте
RUSMARC
00003666nac2a22002651x 450
0012476e62a-bce2-41c1-913d-1e8ed5a6dcd4
00520131121140440.0
100##$a20130529l1926 k y0rusy50 ca
1010#$arus
102##$aRU
105##$ay z |||||
1220#$ad19260325
2001#$aПисьмо Мешковской К. неустановленному лицу с обращением "Ольга Михайловна"
$j25 марта 1926
215##$a2 листа
251##$cДело
300##$aСодержит отзывы об А. Ф. Кони
300##$aРукописный текст
330##$aБиографические очерки, статьи и другие материалы разных лиц об А. Ф. Кони
461#0$10013a54f2e3-e9cf-409b-80fa-f0a9bd3c40cb
$12001
$aКони Анатолий Федорович, юрист, литератор, член академии наук, председатель Санкт-Петербургского окружного суда, член государственного совета
$1251
$cФонд
$1852
$j564
462#0$100178a475cd-a47d-4377-bff3-cee4b81de655
$12001
$aОпись дел фонда А. Ф. Кони за 1880-1931 гг.
$1251
$cОпись
$1852
$j1
600#1$aКони
$bА. Ф.
$f1844-1927
$gАнатолий Федорович
600#1$aМешковская
$bК.
801#0$aRU
$bGA_RF
801#1$aRU
$bНПО Опыт
$c20130529
$2rusmarc
801#2$aRU
$bПБ им. Б.Н. Ельцина
$c20131121
$gRCR
$2rusmarc
852##$aГА РФ
$j4205
937##$d41889133
$hПБ
035##$aRuPRLIB51005646
Формат отображения